Score 0/20 Timer 03:00
3 Plays Today
Song Missing Word % Correct
____ and Let DieLive
96.6%
Chitty Chitty ____ ____Bang
95.8%
The ____ NecessitiesBare
93.7%
For Your ____ OnlyEyes
92.7%
They Can't ____ That Away From MeTake
92%
Nine to _____Five
91.9%
________ CreepersJeepers
90.6%
Bibbidi-Bobbidi-____Boo
88.9%
I've Got You Under My ____Skin
85.4%
The _____ of LifeCircle
84.6%
Song Missing Word % Correct
What's ____ Pussycat?New
82.9%
Blaze of _____Glory
80.3%
Somewhere ___ ThereOut
79.3%
Let's Hear it for the ____Boy
74.9%
Pennies From ______Heaven
74.4%
____ the GirlKiss
57.8%
Gonna ____ NowFly
48.1%
________ ConnectionRainbow
41.7%
____, Can You Hear Me?Papa
39.4%
Somewhere in My _______Memory
8.4%

Today's Daily Dose

Remove Ads.
Support Sporcle.
Get the best of Sporcle when you Go Orange. This ad-free experience offers more features, more stats, and more fun while also helping to support Sporcle. Thank you for becoming a member.

You're not logged in!

Compare scores with friends on all Sporcle quizzes.
OR
Log In

Show Comments

Extras

Top Quizzes Today


Score Distribution

Your Account Isn't Verified!

In order to create a playlist on Sporcle, you need to verify the email address you used during registration. Go to your Sporcle Settings to finish the process.

Report this User

Report this user for behavior that violates our Community Guidelines.

Details: